00892nam a2200241 u 450000100100000000500170001000800410002704000250006804100380009308200150013110000270014624000370017324500990021026000350030930000190034450000370036353400470040070000310044770000330047804900090051195201130052099900170063300002365720200930022357.0101216s2001 sp r 000 j spa d aDO-SdBNPbspacBNPHU aenghspa2Código de idioma MARC axxxbT649s1 aTolkien, J.R.R.94873910aThe Lord of the Ringslespañol13aEl Señor de los Anillos /cJ.R.R. Tolkien ; traducción de Matilde Horne y Luis Doménech. aBarcelona :bMinotauro,c2001. a3 v. ;c18 cm. aLa biblioteca posee el volumen 3 aTítulo original :tThe Lord of the Rings1 aHorne, Matildeetr.9487401 aDoménech, Luisetr.948741 aBNGR 001050718MOaGRbGRcCTd2010-12-16iLF1l0oxxx T649sp23657-10r2020-06-25w2020-06-25y1ZNo se presta c23153d23153